| 000 | 00664nam a2200205 i 4500 | ||
|---|---|---|---|
| 001 | 179375 | ||
| 003 | ES-MaACL | ||
| 005 | 20240513100914.0 | ||
| 008 | 111111s1999 sp af |||| | spa d | ||
| 080 | _a75 Saborit, José | ||
| 100 | 1 |
_aSaborit, José. _9148518 |
|
| 245 | 1 | 0 |
_aDiario de sombras / _c[José Saborit]. |
| 260 |
_aValencia : _bEstudio Russafa, _c[1999] |
||
| 300 |
_a[14] p. : _bil. ; _c16 cm. |
||
| 505 | 8 |
_aContiene: ; _tEn la sobremesa de la pintura / _rDavid Pérez |
|
| 600 | 1 | 4 |
_aSaborit, José. _9148518 |
| 700 | 1 |
_aPérez, David, _d1958- _9148519 |
|
| 852 |
_aES-MaACL _j2307-F-5 _z. - Donativo M. A. Velasco |
||
| 999 |
_c179375 _d179375 |
||